Catálogo
 En Linea

Estudio sobre el contenido en flavonoides de la mieles de la alcarria : (Registro nro. 40808)

Detalles MARC
000 -CABECERA
campo de control de longitud fija 00998nam a2200217 a 4500
001 - NÚMERO DE CONTROL
campo de control 000041318
005 - FECHA Y HORA DE LA ÚLTIMA TRANSACCIÓN
campo de control 20201002034801.0
008 - DATOS DE LONGITUD FIJA--INFORMACIÓN GENERAL
campo de control de longitud fija 130930s1994 sp ac 000 0 spa d
020 ## - NÚMERO INTERNACIONAL ESTÁNDAR DEL LIBRO
Número Internacional Estándar del Libro 8460618323
040 ## - FUENTE DE LA CATALOGACIÓN
Centro catalogador/agencia de origen DO-SdBNP
Lengua de catalogación spa
Centro/agencia transcriptor BNPHU
082 ## - NÚMERO DE LA CLASIFICACIÓN DECIMAL DEWEY
Número de clasificación xxxx
Número de documento/Ítem xxxx
245 00 - MENCIÓN DE TÍTULO
Título Estudio sobre el contenido en flavonoides de la mieles de la alcarria :
Resto del título su aplicación a la caracterización geográfico-botánica /
Mención de responsabilidad, etc. Francisco A. Tomás-Barberán [et. al.] ; prólogo, Carmelo García Romero, Teresa Mendizábal Aracama.
260 ## - PUBLICACIÓN, DISTRIBUCIÓN, ETC.
Lugar de publicación, distribución, etc. Madrid, España :
Nombre del editor, distribuidor, etc. Consejo Superior de Investigaciones Científicas
-- Consejería de Agricultura y Medio Ambiente,
Fecha de publicación, distribución, etc. 1994.
300 ## - DESCRIPCIÓN FÍSICA
Extensión 38 p. :
Otras características físicas il., retr. ;
Dimensiones 24 cm.
700 1# - PUNTO DE ACCESO ADICIONAL--NOMBRE DE PERSONA
Nombre de persona Tomás-Barberán, Francisco A.
9 (RLIN) 67943
700 1# - PUNTO DE ACCESO ADICIONAL--NOMBRE DE PERSONA
Nombre de persona Ferreres, Federico
9 (RLIN) 67944
700 1# - PUNTO DE ACCESO ADICIONAL--NOMBRE DE PERSONA
Nombre de persona Ortiz Valbuena, Alberto
9 (RLIN) 67945
700 1# - PUNTO DE ACCESO ADICIONAL--NOMBRE DE PERSONA
Nombre de persona Fernández Maeso, María Carmen
9 (RLIN) 67946
700 1# - PUNTO DE ACCESO ADICIONAL--NOMBRE DE PERSONA
Nombre de persona García Romero, Carmelo
Término indicativo de función/relación prol.
9 (RLIN) 67947
700 1# - PUNTO DE ACCESO ADICIONAL--NOMBRE DE PERSONA
Nombre de persona Mendizábal Aracama, Teresa
Término indicativo de función/relación prol.
9 (RLIN) 67948
Existencias
Estado de retiro Estado de pérdida Restricciones de uso No para préstamo Código de colección Localización permanente Ubicación/localización actual Ubicación en estantería Fecha de adquisición Número de inventario Total de préstamos Signatura topográfica completa Código de barras Fecha visto por última vez Precio válido a partir de Tipo de ítem Koha
        Monografías: Libros y Folletos General General Orden iniciada 30.09.2013 LF1   xxxx xxxx 41318-10 25.06.2020 25.06.2020 No se presta

Con tecnología Koha